<?xml version="1.0" encoding="UTF-8"?>
<record
    xmlns:xsi="http://www.w3.org/2001/XMLSchema-instance"
    xsi:schemaLocation="http://www.loc.gov/MARC21/slim http://www.loc.gov/standards/marcxml/schema/MARC21slim.xsd"
    xmlns="http://www.loc.gov/MARC21/slim">

  <leader>00323nam a2200145Ia 4500</leader>
  <controlfield tag="003">OSt</controlfield>
  <controlfield tag="008">191201s2019    xx            000 0 und d</controlfield>
  <datafield tag="082" ind1=" " ind2=" ">
    <subfield code="a">621.076</subfield>
    <subfield code="b">MAG</subfield>
  </datafield>
  <datafield tag="100" ind1=" " ind2=" ">
    <subfield code="a">MADE EASY</subfield>
  </datafield>
  <datafield tag="245" ind1=" " ind2="0">
    <subfield code="a">Gate 2020 Mechanical Engineering</subfield>
  </datafield>
  <datafield tag="260" ind1=" " ind2=" ">
    <subfield code="b">Made Easy</subfield>
  </datafield>
  <datafield tag="300" ind1=" " ind2=" ">
    <subfield code="a">787</subfield>
  </datafield>
  <datafield tag="650" ind1=" " ind2=" ">
    <subfield code="a">B.Tech(ME)</subfield>
  </datafield>
  <datafield tag="942" ind1=" " ind2=" ">
    <subfield code="2">ddc</subfield>
    <subfield code="c">BK</subfield>
  </datafield>
  <datafield tag="999" ind1=" " ind2=" ">
    <subfield code="c">6871</subfield>
    <subfield code="d">6871</subfield>
  </datafield>
  <datafield tag="952" ind1=" " ind2=" ">
    <subfield code="0">0</subfield>
    <subfield code="1">0</subfield>
    <subfield code="2">ddc</subfield>
    <subfield code="4">0</subfield>
    <subfield code="7">0</subfield>
    <subfield code="8">GENERAL</subfield>
    <subfield code="a">PIET</subfield>
    <subfield code="b">PIET</subfield>
    <subfield code="d">2020-07-21</subfield>
    <subfield code="e">Kirti Prakashan</subfield>
    <subfield code="g">850.00</subfield>
    <subfield code="k">IN3888</subfield>
    <subfield code="l">1</subfield>
    <subfield code="o">621.076 MAG</subfield>
    <subfield code="p">30621</subfield>
    <subfield code="r">2025-09-12 00:00:00</subfield>
    <subfield code="s">2024-12-03</subfield>
    <subfield code="v">637.50</subfield>
    <subfield code="w">2019-05-16</subfield>
    <subfield code="y">REF</subfield>
    <subfield code="z">Competition</subfield>
  </datafield>
  <datafield tag="952" ind1=" " ind2=" ">
    <subfield code="0">0</subfield>
    <subfield code="1">0</subfield>
    <subfield code="2">ddc</subfield>
    <subfield code="4">0</subfield>
    <subfield code="7">0</subfield>
    <subfield code="8">GENERAL</subfield>
    <subfield code="a">PIET</subfield>
    <subfield code="b">PIET</subfield>
    <subfield code="d">2020-07-21</subfield>
    <subfield code="e">Kirti Prakashan</subfield>
    <subfield code="g">850.00</subfield>
    <subfield code="k">IN3888</subfield>
    <subfield code="l">9</subfield>
    <subfield code="o">621.076 MAG</subfield>
    <subfield code="p">30622</subfield>
    <subfield code="r">2025-01-20 00:00:00</subfield>
    <subfield code="s">2025-01-07</subfield>
    <subfield code="v">637.50</subfield>
    <subfield code="w">2019-05-16</subfield>
    <subfield code="y">BK</subfield>
    <subfield code="z">Competition</subfield>
  </datafield>
</record>
